000 00516nam a2200193 a 4500
001 1771588832292
003 YourLibrary
005 20260220173229.0
008 260220s2003##################000#0#eng##
020 _a9780521892865
082 0 4 _a320.150942
_bWES
100 1 _aWeston, Corinne Comstock,
_eauthor.
245 1 0 _aSubjects and Sovereigns :
260 _bCambridge University Press,
_c2003.
300 _a440 pages
650 0 _aHistory.
942 _cENGLISH
040 _aYourLibrary
_beng
_cYourLibrary
999 _c614632
_d614632